| 000 | 00731ntm a22002897a 4500 | ||
|---|---|---|---|
| 005 | 20240307183647.0 | ||
| 008 | 170405b xxu||||| |||| 00| 0 spa d | ||
| 020 | _a989563628593 | ||
| 041 | _aESP | ||
| 082 | _a658.8 S586c | ||
| 100 |
_aSilva Arancibia, Andrés _941969 |
||
| 245 | _aConextrategia: cómo crear vínculos digitales rentables | ||
| 260 | _aChile | ||
| 260 | _bAndrés Silva Arancibia | ||
| 260 | _c2016 | ||
| 300 | _a163 páginas | ||
| 650 | _aCALENTAMIENTO GLOBAL DIGITAL | ||
| 650 | _aMARKETING DIGITAL | ||
| 650 | _aSOCIAL MEDIA | ||
| 650 | _aKPLS | ||
| 650 | _aREDES Y MEDIOS SOCIALES | ||
| 650 | _aCOMMUNITY MANAGER | ||
| 942 |
_cBK _2ddc |
||
| 999 |
_c9232 _d9232 |
||